|
|
|
|
| LEADER |
00000nam1a2200000 4500 |
| 001 |
287120 |
| 005 |
20231101235946.0 |
| 020 |
|
|
|a RU
|b 85-63228
|
| 035 |
|
|
|a (RuTPU)RU\TPU\book\311494
|
| 090 |
|
|
|a 287120
|
| 100 |
|
|
|a 20150312d1985 m y0rusy5003 ca
|
| 101 |
0 |
|
|a rus
|
| 200 |
1 |
|
|a Хельсинки - 10 лет спустя : общеевропейский процесс укрепления безопасности и развития сотрудничества: итоги и перспективы
|e доклад Советского комитета за европейскую безопасность и сотрудничество
|f под ред. Э. В. Расшиваловой
|
| 210 |
|
|
|a Москва
|c Прогресс
|d 1985
|
| 215 |
|
|
|a 207 с.
|
| 606 |
1 |
|
|a Коллективная безопасность в Европе
|2 stltpush
|3 (RuTPU)RU\TPU\subj\14728
|9 41079
|
| 610 |
1 |
|
|a международные отношения
|
| 610 |
1 |
|
|a мирное сосуществование
|
| 610 |
1 |
|
|a Европа
|
| 610 |
1 |
|
|a разоружение
|
| 610 |
1 |
|
|a сотрудничество
|
| 610 |
1 |
|
|a экономика
|
| 610 |
1 |
|
|a гуманитарные науки
|
| 610 |
1 |
|
|a общественность
|
| 610 |
1 |
|
|a наука
|
| 610 |
1 |
|
|a окружающая среда
|
| 610 |
1 |
|
|a техника
|
| 686 |
|
|
|a Ф4(0)30
|2 rubbk
|
| 702 |
|
1 |
|a Расшивалова
|b Э. В.
|4 340
|
| 801 |
|
0 |
|a RU
|b RuMRKP
|c 19950704
|g psbo
|
| 801 |
|
1 |
|a RU
|b 63413507
|c 20150312
|
| 801 |
|
2 |
|a RU
|b 63413507
|c 20171116
|g RCR
|
| 942 |
|
|
|c BK
|